Medical surgical nursing across the healthcare continuum vol. 2 (Record no. 6954)
[ view plain ]
| 000 -LEADER | |
|---|---|
| fixed length control field | 00732nam a22002177a 4500 |
| 003 - CONTROL NUMBER IDENTIFIER | |
| control field | OSt |
| 005 - DATE AND TIME OF LATEST TRANSACTION | |
| control field | 20251205073507.0 |
| 008 - FIXED-LENGTH DATA ELEMENTS--GENERAL INFORMATION | |
| fixed length control field | 251205b |||||||| |||| 00| 0 eng d |
| 020 ## - INTERNATIONAL STANDARD BOOK NUMBER | |
| International Standard Book Number | 0-7216-999714371-X. |
| 040 ## - CATALOGING SOURCE | |
| Original cataloging agency | DWCL-Main lib |
| Transcribing agency | OC |
| 082 ## - DEWEY DECIMAL CLASSIFICATION NUMBER | |
| Edition number | 3rd ed. |
| Classification number | Circ. 610.73 Ig24m 1999 |
| 100 ## - MAIN ENTRY--PERSONAL NAME | |
| Personal name | Ignativicius, Donna D. |
| 245 ## - TITLE STATEMENT | |
| Title | Medical surgical nursing across the healthcare continuum vol. 2 |
| Statement of responsibility, etc. | Ignativicius, Donna D. |
| 260 ## - PUBLICATION, DISTRIBUTION, ETC. | |
| Place of publication, distribution, etc. | Philadelphia : |
| Name of publisher, distributor, etc. | W. B. Saunders Company, |
| Date of publication, distribution, etc. | c1999. |
| 300 ## - PHYSICAL DESCRIPTION | |
| Extent | xxxii, (various paging) : |
| Other physical details | colored illustration ; |
| Dimensions | 28 cm. |
| 650 ## - SUBJECT ADDED ENTRY--TOPICAL TERM | |
| Source of heading or term | 1. Nursing. |
| 650 ## - SUBJECT ADDED ENTRY--TOPICAL TERM | |
| Source of heading or term | 2. Surgical nursing. |
| 700 ## - ADDED ENTRY--PERSONAL NAME | |
| Personal name | Workman, N. Linda |
| 700 ## - ADDED ENTRY--PERSONAL NAME | |
| Personal name | Mishler, Mary A. |
| 942 ## - ADDED ENTRY ELEMENTS (KOHA) | |
| Source of classification or shelving scheme | Dewey Decimal Classification |
| Koha item type | Book Circulation |
| Edition | 3rd ed. |
| Call number prefix | Circ. |
| Suppress in OPAC | No |
No items available.